Ubuntungwa mu JamboJambo/ (Record no. 1406)

MARC details
000 -LEADER
fixed length control field 00468nam a22001817a 4500
003 - CONTROL NUMBER IDENTIFIER
control field OSt
005 - DATE AND TIME OF LATEST TRANSACTION
control field 20240718081334.0
008 - FIXED-LENGTH DATA ELEMENTS--GENERAL INFORMATION
fixed length control field 240718b |||||||| |||| 00| 0 eng d
040 ## - CATALOGING SOURCE
Original cataloging agency KMU
Language of cataloging eng
Transcribing agency KMU
Modifying agency KMU
Description conventions rda
050 ## - LIBRARY OF CONGRESS CALL NUMBER
Classification number DT431.Z3
100 ## - MAIN ENTRY--PERSONAL NAME
Personal name Kapwepwe, S.M
245 ## - TITLE STATEMENT
Title Ubuntungwa mu JamboJambo/
Statement of responsibility, etc. S.M Kapwepwe
260 ## - PUBLICATION, DISTRIBUTION, ETC.
Place of publication, distribution, etc. Lusaka:
Name of publisher, distributor, etc. Marvel Publishers,
Date of publication, distribution, etc. 2020.
300 ## - PHYSICAL DESCRIPTION
Extent vi, 138p.:
Dimensions 21cm.
650 ## - SUBJECT ADDED ENTRY--TOPICAL TERM
Topical term or geographic name entry element Zambian History
650 ## - SUBJECT ADDED ENTRY--TOPICAL TERM
Topical term or geographic name entry element Bemba
942 ## - ADDED ENTRY ELEMENTS (KOHA)
Source of classification or shelving scheme Library of Congress Classification
Koha item type Non-Fiction
Suppress in OPAC No
Holdings
Withdrawn status Lost status Source of classification or shelving scheme Damaged status Not for loan Collection Home library Current library Shelving location Date acquired Source of acquisition Total Checkouts Full call number Barcode Date last seen Price effective from Koha item type Total Renewals Date last checked out
    Library of Congress Classification     Non-fiction Kapasa Makasa University Kapasa Makasa University Special Collection 18.07.2024 Purchase   ZAM DT431.Z3 Kap 300862 18.07.2024 18.07.2024 Non-Fiction    
    Library of Congress Classification     Non-fiction Kapasa Makasa University Kapasa Makasa University Special Collection 18.07.2024 Purchase   ZAM DT431 .Z3 Kap 300874 18.07.2024 18.07.2024 Non-Fiction    
    Library of Congress Classification     Non-fiction Kapasa Makasa University Kapasa Makasa University Open Access 18.07.2024 Purchase 1 DT431 .Z3 Kap 300875 25.03.2026 18.07.2024 Non-Fiction 1 25.02.2026